000 00914pam a2200325 a 4500
001 4487346
003 OSt
005 20140310184439.0
008 970128s1998 nyua b 000 1 eng
010 _a 97000933
020 _a0590848534
040 _aDLC
_cDLC
_dDLC
042 _alcac
050 0 0 _aPZ 7
_b.R982Pv 1997
100 1 _aRylant, Cynthia.
_94596
245 1 0 _aPoppleton everyday /
_cCynthia Rylant ; illustrated by Mark Teague.
260 _aNew York :
_bBlue Sky Press,
_c1997.
300 _a48 p. :
_bcol. ill. ;
_c22 cm.
500 _a"Book three."
521 _aG1
526 _c250
650 1 _aPigs
_xFiction.
_927431
650 1 _aStars
_xFiction.
_927432
650 1 _aBeds
_xFiction.
_927433
650 1 _aSailing
_xFiction.
_927434
700 1 _aTeague, Mark,
_eill.
_927435
906 _a7
_bcbc
_corignew
_d1
_eocip
_f19
_gy-gencatlg
942 _2lcc
_cBK-SCHOLAS
999 _c34441
_d34441